000 00846nam a22002057a 4500
999 _c159049
_d159049
005 20181128150152.0
010 _aB-7123007
020 _a9788132113676
_c645.00
035 _aB-7123007
037 _bRK Books
082 _a327.54
100 _aSikri, Rajiv
245 _aChallenge and strategy:
_brethinking India's foreign policy /
_cby Rajiv Sikri; foreword by Chinmaya R. Gharekhan
260 _aNew Delhi
_bSage Publications
_c2009
270 _aB1/I-1, Mohan Cooperative Industrial Area, Mathura Road
_bNew Delhi
_e110044
300 _axx, 317p.
_c22cm(pbk)
504 _aIncludes bibliographical references and index
942 _2ddc
_cEN
_h327.54
_mSIK